Normal view
MARC view
- Pandey, Sushma
Entry Corporate Name
001 - CONTROL NUMBER
- control field: 205635
003 - CONTROL NUMBER IDENTIFIER
- control field: OSt
005 - DATE AND TIME OF LATEST TRANSACTION
- control field: 20240201134404.0
008 - FIXED-LENGTH DATA ELEMENTS
- fixed length control field: 240201|| aca||aabn | a|a d
040 ## - CATALOGING SOURCE
- Original cataloging agency: OSt
- Transcribing agency: OSt
110 ## - HEADING--CORPORATE NAME
- Corporate name or jurisdiction name as entry element: Pandey, Sushma
670 ## - SOURCE DATA FOUND
- Source citation: Work cat.: (OSt)356996: Pandey, Sushma, Principles & Procedures of Nursing Foundations Vol.- 2, 2022